[Event "Malmo op"]
[Site "Malmo"]
[Date "2023.12.15"]
[Round "2"]
[White "Peng, Li Min"]
[Black "Mashhadi, Peyman"]
[Result "1-0"]
[WhiteElo "2562"]
[BlackElo "2069"]
[PlyCount "107"]
[EventDate "2023.12.15"]
[EventType "swiss"]
[EventRounds "8"]
[EventCountry "SWE"]
[SourceTitle "CB51_2023"]
[SourceDate "2023.12.20"]
[SourceVersion "1"]
[SourceVersionDate "2023.12.20"]
[SourceQuality "1"]

1. d4 g6 2. e4 Bg7 3. Nf3 d6 4. Bc4 Nf6 5. Qe2 0-0 6. e5 dxe5 7. dxe5 Nd5 8. h3 c6 9. 0-0 Nd7 10. Re1 e6 11. a4 b6 12. a5 b5 13. Bxd5 cxd5 14. Qxb5 Qc7 15. Qe2 Nc5 16. b4 Ne4 17. c4 Bb7 18. c5 a6 19. Bb2 Bc6 20. Nd4 Bxe5 21. Nxc6 Bxb2 22. Qxb2 Qxc6 23. f3 Ng3 24. Qe5 Nf5 25. g4 Ne7 26. Nc3 Rab8 27. Rab1 Rb7 28. h4 h6 29. h5 Rfb8 30. Qf4 Kg7 31. hxg6 Nxg6 32. Qd4+ f6 33. Rb2 Rd8 34. Qd1 Nf4 35. Kf2 Rdb8 36. Na2 e5 37. Kg3 Rg8 38. Nc3 Kf8 39. Rh1 h5 40. Ne2 hxg4 41. fxg4 Rbg7 42. Rh4 Ng6 43. Rh5 e4 44. Nd4 Qc7+ 45. Kg2 Nf4+ 46. Kf1 Nxh5 47. Ne6+ Ke8 48. Nxc7+ Rxc7 49. gxh5 Rg5 50. Rg2 Rf5+ 51. Ke1 Rh7 52. Qa4+ Kf8 53. Rg8+ Ke7 54. Qe8# 1-0

[Event "Gothenburg Kvibergspelen"]
[Site "Gothenburg"]
[Date "2023.09.15"]
[Round "4"]
[White "Hamark, Jesper"]
[Black "Mashhadi, Peyman"]
[Result "1/2-1/2"]
[WhiteElo "2342"]
[BlackElo "2112"]
[PlyCount "67"]
[EventDate "2023.09.15"]
[EventType "swiss"]
[EventRounds "8"]
[EventCountry "SWE"]
[SourceTitle "EXT 2024"]
[Source "ChessBase"]
[SourceDate "2023.10.10"]
[SourceVersion "1"]
[SourceVersionDate "2023.10.10"]
[SourceQuality "1"]

1. e4 e6 2. d4 d5 3. e5 c5 4. c3 Nc6 5. Nf3 Qb6 6. Bd3 Bd7 7. dxc5 Bxc5 8. 0-0 a5 9. Qe2 Nge7 10. Nbd2 a4 11. b4 axb3 12. Nxb3 Ng6 13. h4 f6 14. exf6 gxf6 15. c4 Nb4 16. h5 Nxd3 17. Qxd3 Ne7 18. Bb2 Kf7 19. Qc3 e5 20. cxd5 Bb4 21. Qc1 Rhg8 22. Qh6 Nf5 23. Nxe5+ Ke7 24. Qxh7+ Rg7 25. Nxd7 Rxh7 26. Nxb6 Rg8 27. d6+ Kf7 28. g3 Rxh5 29. Kg2 Nh4+ 30. Kg1 Nf3+ 31. Kg2 Nh4+ 32. Kg1 Nf3+ 33. Kg2 Nh4+ 34. Kg1 1/2-1/2

[Event "Deltalift op"]
[Site "Tylosand"]
[Date "2023.05.20"]
[Round "8"]
[White "Mashhadi, Peyman"]
[Black "Jepson, Christian"]
[Result "0-1"]
[WhiteElo "2079"]
[BlackElo "2390"]
[PlyCount "84"]
[EventDate "2023.05.18"]
[EventType "swiss"]
[EventRounds "8"]
[EventCountry "SWE"]
[SourceTitle "CBM 214 Extra"]
[Source "ChessBase"]
[SourceDate "2023.07.31"]
[SourceVersion "1"]
[SourceVersionDate "2023.07.31"]
[SourceQuality "1"]

1. e4 d6 2. d4 Nf6 3. Nc3 g6 4. Be2 Bg7 5. Be3 c6 6. a4 Nbd7 7. h3 e5 8. Nf3 0-0 9. dxe5 Nxe5 10. Nxe5 dxe5 11. Bc5 Re8 12. 0-0 Be6 13. Qc1 Nd7 14. Be3 Qa5 15. Bh6 Rad8 16. Bxg7 Kxg7 17. Qe3 a6 18. Rfd1 Qb4 19. h4 a5 20. h5 Qe7 21. g3 g5 22. h6+ Kxh6 23. Kg2 Kg7 24. Rh1 Nf8 25. Rag1 Ng6 26. Qf3 h6 27. Nd1 g4 28. Qe3 Rh8 29. Rh5 Qb4 30. c3 Qd6 31. Rgh1 Qd2 32. Qxd2 Rxd2 33. Kf1 Rhd8 34. Ne3 Rxb2 35. Bxg4 Rdd2 36. R1h2 Bxg4 37. Nxg4 b5 38. Nxh6 bxa4 39. Rf5 Rd7 40. Rfh5 a3 41. Nf5+ Kf6 42. g4 a2 0-1

[Event "Vaxjo op"]
[Site "Vaxjo"]
[Date "2023.02.10"]
[Round "2"]
[White "Abdrlauf, Elham"]
[Black "Mashhadi, Peyman"]
[Result "1-0"]
[WhiteElo "2527"]
[BlackElo "2018"]
[PlyCount "75"]
[EventDate "2023.02.10"]
[EventType "swiss"]
[EventRounds "8"]
[EventCountry "SWE"]
[SourceTitle "CBM 212 Extra"]
[Source "ChessBase"]
[SourceDate "2023.03.31"]
[SourceVersion "1"]
[SourceVersionDate "2023.03.31"]
[SourceQuality "1"]

1. e4 e6 2. d4 d5 3. Nc3 Nf6 4. Bg5 Be7 5. e5 Nfd7 6. h4 a6 7. Qg4 g6 8. Nf3 h6 9. Bxe7 Qxe7 10. 0-0-0 c5 11. dxc5 Nc6 12. Qf4 Nxc5 13. Bd3 b5 14. Ne2 Bb7 15. Kb1 Na5 16. Ned4 Nc4 17. Bxc4 bxc4 18. Qe3 Rb8 19. Ka1 Ne4 20. Nd2 Nc5 21. Rb1 Na4 22. b3 Nc5 23. bxc4 0-0 24. Qxh6 Ne4 25. Nxe4 dxe4 26. h5 g5 27. Qf6 Qxf6 28. exf6 Rfd8 29. c3 e3 30. fxe3 Be4 31. Rxb8 Rxb8 32. c5 a5 33. a4 e5 34. Nb5 Bc6 35. h6 Kh7 36. Rd1 Bxb5 37. Rb1 Rb6 38. cxb6 1-0